Internships for Today's World: A Practical Guide for High Schools and Community Colleges (Record no. 370382)
[ view plain ]
| 000 -LEADER | |
|---|---|
| fixed length control field | 01179nam a2200205 4500 |
| 005 - DATE AND TIME OF LATEST TRANSACTION | |
| control field | 20260216155531.0 |
| 008 - FIXED-LENGTH DATA ELEMENTS--GENERAL INFORMATION | |
| fixed length control field | 260209b |||||||| |||| 00| 0 eng d |
| 020 ## - INTERNATIONAL STANDARD BOOK NUMBER | |
| International Standard Book Number | 9781475806021 |
| 041 ## - LANGUAGE CODE | |
| Language code of text/sound track or separate title | English |
| 082 ## - DEWEY DECIMAL CLASSIFICATION NUMBER | |
| Item number | MCL |
| Classification number | 378.1 |
| 100 ## - MAIN ENTRY--PERSONAL NAME | |
| Author | McLachlan Joan E. |
| 245 ## - TITLE STATEMENT | |
| Title | Internships for Today's World: A Practical Guide for High Schools and Community Colleges |
| 260 ## - PUBLICATION, DISTRIBUTION, ETC. | |
| Place of publication, distribution, etc. | New York |
| Name of publisher, distributor, etc. | Rowman & Littlefield |
| Date of publication, distribution, etc. | 2014 |
| 300 ## - PHYSICAL DESCRIPTION | |
| Extent | 136 |
| 365 ## - TRADE PRICE | |
| Price amount | 2749.73 |
| Currency code | Rs.00 |
| 520 ## - SUMMARY, ETC. | |
| Summary, etc. | 1. Key Elements Of A Quality Internship Program: Getting It Right From The Start<br/>2. Internship Site Development: Internships Don't Just Happen<br/>3. Placing Students In Internships: One Size Does Not Fit All<br/>4. Monitoring Students In Internships: Providing A Guiding Hand<br/>5. Supporting Sponsors In Internships: Building A Strong Partnership<br/>6. Seminars For Reflective Learning: Making Sense Of It All<br/>7. Evaluating Internship Learning: Putting It All Together<br/>8. The Predictable Stages Of Internships: No Surprises<br/>9. The Power Of Internships: Real Schools, Real Stories<br/><br/> |
| 650 ## - SUBJECT ADDED ENTRY--TOPICAL TERM | |
| Topical term or geographic name entry element | Higher education Activities |
| 700 ## - ADDED ENTRY--PERSONAL NAME | |
| Personal name | Hess Patricia F. |
| 942 ## - ADDED ENTRY ELEMENTS (KOHA) | |
| Koha item type | Books |
| Withdrawn status | Lost status | Source of classification or shelving scheme | Damaged status | Not for loan | Home library | Current library | Date acquired | Vendor | Net Price | Bill number | Total Checkouts | Full call number | Barcode | Date last seen | Discount | Actual Price | Bill Date | Koha item type |
|---|---|---|---|---|---|---|---|---|---|---|---|---|---|---|---|---|---|---|
| Dewey Decimal Classification | School of Fashion Technology | School of Fashion Technology | 07/02/2026 | Design Book Studio | 2749.73 | 306 | 378.1 MCL | SOFT-BK-4977 | 09/02/2026 | 25% | 3666.30 | 06/01/2026 | Books |